000
00345nam a2200145Ia 4500
008
220216s9999 xx 000 0 und d
245
0
_a
Shed for drying scrap and lump rubber
260
_b
R.R.I Planters Bulletin
_c
1941
300
_a
4-Jan
650
_a
Drying
650
_a
Lump rubber
650
_a
Rubber
650
_a
Scrap
942
_c
JS
999
_c
68636
_d
68636